000 01582cam a22002654a 4500
001 50113415
003 OCoLC
005 20220227203927.0
008 020605s2002 ilua b 001 0 eng
010 _a2002008870
020 _a0830826963 (pbk. : alk. paper)
020 _a9780830826964 (pbk. : alk. paper)
035 _a(OCoLC)50113415
040 _aDLC
_cDLC
_dBAKER
_dBTCTA
_dLVB
_dYDXCP
_dHNW
_dIG#
_dBSC
042 _apcc
092 _a230.041
_bG624a, 2002
100 1 _aGoldsworthy, Graeme.
245 1 0 _aAccording to plan :
_bthe unfolding revelation of God in the Bible /
_cGraeme Goldsworthy.
260 _aDowners Grove, Ill. :
_bInterVarsity Press,
_c2002.
300 _a251 p. :
_bill. ;
_c23 cm.
504 _aIncludes bibliographical references and indexes.
505 0 _aThe leech has two daughters -- God makes himself known -- But how can we know? -- Christ has made him known -- And we know him through Scripture -- The Bible is the divine-human Word -- We begin and end with Christ -- I am the first and the last -- Creation by word -- The fall -- First revelation of redemption -- Abraham our father -- Exodus : pattern of redemption -- New life : gift and task -- The temptation in the wilderness -- Into the good land -- God's rule in God's land -- The life of faith -- The fading shadow -- There is a new creation -- The second exodus -- The new creation for us -- The new creation in us initiated -- The new creation in us now -- The new creation consummated -- Knowing God's will -- Life after death.
630 0 0 _aBible
_xTheology.
942 _2ddc
_cBK
999 _c10831
_d10831